000 00756nam a22002292 4500
001 0000019245
005 20151217154428.0
008 101022s xx 000 0 eng d
020 _a1854724465 (Pt. I) :
020 _a1854724472 (Pt. II)
040 _aKABU
_cKABU
100 1 _aTaylor, Eric.
_@0000151952
245 1 4 _aThe AB guide to music theory /
_cEric Taylor.
250 _a1st ed.
260 _aLondon :
_bThe Associated Board of the Royal School of Music,
_c1989 (pt. I):1991 (pt. II)
300 _a2 Parts.
650 0 _aMusic theory.
_@0000151953
852 1 _9p650 KES
852 1 _9p1007.50 KES
908 _a101022
950 _@1
999 _c11217
_d11217